000 00626cam a22001935a 4500
001 L156589
008 120611s1938 xxk f 000 0 eng d
035 _a(Sirsi) u156589
041 0 _aeng
110 2 _aNational Association of Auctioneers, House Agents, Rating Surveyors and Valuers
_bSussex - Surrey Branch
_96087
245 0 0 _aAnnual report 1938
260 _a[S.l.]
_bNAA
_c1938
300 _a[4 p.]
_c22 cm.
520 _aPresents the activities and statement of accounts of the Surrey - Sussex Branch of the NAA.
651 4 _aEngland
690 _aAuctioneering
_96218
690 _aValuation
_96273
942 _n0
999 _c114304
_d114304